| 000 -LEADER |
| fixed length control field |
01578nam a22001577a 4500 |
| 008 - FIXED-LENGTH DATA ELEMENTS--GENERAL INFORMATION |
| fixed length control field |
210109b ||||| |||| 00| 0 eng d |
| 100 ## - MAIN ENTRY--PERSONAL NAME |
| Personal name |
Wang, Weijje and Sun, Rusi |
| 245 ## - TITLE STATEMENT |
| Title |
Does organizational performance affect employee turnover? A re‐examination of the turnover–performance relationship |
| 260 ## - PUBLICATION, DISTRIBUTION, ETC. (IMPRINT) |
| Place of publication, distribution, etc |
Public Administration |
| 300 ## - PHYSICAL DESCRIPTION |
| Extent |
98(1), 2020: p.210-225 |
| 520 ## - SUMMARY, ETC. |
| Summary, etc |
A common problem with using organizational performance as the dependent variable is the ignoring of feedback effect. The current conceptualization of the turnover–performance relationship is mostly unidirectional, focusing on how turnover affects organizational performance. Only a few scholars have investigated the possible reverse relationship between turnover and performance. Aiming to further the research on the feedback effect of organizational performance, this study employed cross‐lagged structural equation models that are especially suitable for modelling the possible reverse relationships between variables. Data were collected from public elementary and middle schools in New York City over a three‐year period. The results consistently show that organizational performance was negatively related to subsequent employee turnover. This research contributes to the development of a more valid and comprehensive understanding of the relationship between employee turnover and organizational performance. - Reproduced |
| 650 ## - SUBJECT ADDED ENTRY--TOPICAL TERM |
| Topical term or geographic name as entry element |
Middle schools, Employee |
| 9 (RLIN) |
23620 |
| 773 ## - HOST ITEM ENTRY |
| Main entry heading |
Public Administration |
| 906 ## - LOCAL DATA ELEMENT F, LDF (RLIN) |
| Subject DIP |
ORGANISATIONAL PERFORMANCE |
| 942 ## - ADDED ENTRY ELEMENTS (KOHA) |
| Item type |
Articles |